000 00512cam a2200181ua 4500
001 5730
008 131009n ii |||gr||||Z||||||eng
040 _cMAIN
082 _a954
100 _aGrover,B.L,
_eAuthor.
245 _aNew Look On Modern Indian History :
_b(From 1707 to the Present Day) /
_cby B.L.Grover .
250 _a8th ed.
260 _aNew Delhi:
_bS.Chand & Company LTD,
_c1986.
300 _a652p.
653 _aSouth Asia India
653 _aNew Look on Modern Indian History
942 _cBK
999 _c4888
_d4888